上海的狐步舞 (Record no. 53544)

000 -LEADER
fixed length control field 00502nam a22001937a 4500
003 - CONTROL NUMBER IDENTIFIER
control field MPLRDC
005 - DATE AND TIME OF LATEST TRANSACTION
control field 20220104153637.0
008 - FIXED-LENGTH DATA ELEMENTS--GENERAL INFORMATION
fixed length control field 210129b ||||| |||| 00| 0 eng d
020 ## - INTERNATIONAL STANDARD BOOK NUMBER
International Standard Book Number 957-0329-21-1
082 ## - DEWEY DECIMAL CLASSIFICATION NUMBER
Classification number 855 LOF-6
100 ## - MAIN ENTRY--PERSONAL NAME
Personal name 李欧梵主编
245 ## - TITLE STATEMENT
Title 上海的狐步舞
Statement of responsibility, etc.
250 ## - EDITION STATEMENT
Edition statement 初版
260 ## - PUBLICATION, DISTRIBUTION, ETC.
Place of publication, distribution, etc.
Name of publisher, distributor, etc. 允晨文化实业股份有限公司
Date of publication, distribution, etc. 2001
300 ## - PHYSICAL DESCRIPTION
Other physical details
490 ## - SERIES STATEMENT
Series statement 允晨文化当代名家; 5
650 ## - SUBJECT ADDED ENTRY--TOPICAL TERM
Topical term or geographic name entry element 散文;随笔、日记
942 ## - ADDED ENTRY ELEMENTS (KOHA)
Koha item type Book
-- 855 LOF-6
Holdings
Withdrawn status Lost status Source of classification or shelving scheme Damaged status Not for loan Collection code Home library Current library Shelving location Date acquired Cost, normal purchase price Total Checkouts Full call number Barcode Date last seen Date last checked out Price effective from Koha item type Public note
            Malaysian Public Library, Research and Development Centre Malaysian Public Library, Research and Development Centre   10/12/2007 35.75   855 LOF-6 00053725 18/03/2021 11/07/2013 18/03/2021 Book mplrdc

© 2022. Malaysian Public Library, Research and Development Centre. All Right ReservedE-mailmplrdc@help.edu.my 

Powered by Koha